150 célébrités d'avant l'an 1 - Statistiques

Statistiques générales
  • Ce quiz a été pris 39 fois
  • Le résultat moyen est 52 sur 150
Statistiques - réponses
Biographie Période Célébrité % Correct
Juif de Galilée fondateur du Christianisme. ~ -6 / 33 Jésus de Nazareth
89%
Homme d'état romain, membre du premier triumvirat, il conquiert la Gaule avant d'être assassiné aux ides de mars -44. Il est également célèbre pour les citations "Alea jacta est", "Veni, Vidi, Vici" et "Tu quoque me fili". -100 / -44 Jules César
86%
Roi de Macédoine, c'est l'un des plus grands conquérants de l'Histoire en prenant notamment possession de l'Empire perse. Il aura fondé une vingtaine de villes à son nom et sera dès sa mort présenté comme un héros divinisé. -356 / -323 Alexandre le Grand
80%
Fils adoptif de l'homme mort aux ides de mars -44, il devient membre du second triumvirat puis le premier empereur de l'Empire romain. ~ -63 / 14 Auguste
80%
Reine d'Égypte qui a été successivement compagne de l'homme mort aux ides de mars -44 et de celui mort en -30, son suicide en compagnie de ce dernier marque la fin de l'Égypte pharaonique. ~ -69 / -30 Cléopâtre VII
77%
Fossile d'australopithèque relativement complet découvert en Éthiopie éponyme d'un film de Luc Besson. ~ -3,18 Ma Lucy
77%
Fondateur de l'Académie, auteur de La République et Le Banquet, ce philosophe est également connu pour son allégorie de la caverne ou son concept de "philosophe roi". ~ -428 / -348 Platon
77%
L'un des penseurs les plus illustres de l'Histoire de la philosophie, il a notamment travaillé sur l'ironie et la vertu, avant d'être accusé de corrompre la jeunesse, entraînant l'un des plus célèbres procès. Condamné à mort, il s'empoisonne à la ciguë. ~ -469 / -399 Socrate
77%
Ce onzième pharaon de la XVIIIe dynastie doit sa célébrité à la découverte de sa sépulture par Howard Carter, à la fortune que cette dernière recelait ainsi qu'au mythe de la malédiction du pharaon et de la momie. ~ -1345 / -1327 Toutânkhamon
77%
Fondateur du Lycée et de l'école péripatéticienne, ce philosophe grec est celui ayant influencé la majeure partie de la philosophie occidentale, islamique et juive. Il devient également le précepteur de l'homme né en -356. -384 / -322 Aristote
74%
Roi des Arvernes, il fédère une partie des peuples gaulois et remporte une bataille contre Rome à Gergovie avant de perdre à Alésia. Il se livre aux romains afin de sauver son peuple puis est tué à Rome après une période de captivité. ~ -82 / -46 Vercingétorix
69%
Physicien et mathématicien grec de Sicile, il est notamment connu pour sa poussée, sa vis, son palimpseste, son nombre et sa griffe. ~ -287 / -212 Archimède
66%
Reine d'Égypte dont le nom signifie "la parfaite est arrivée", sa beauté était légendaire. Elle exerçait un pouvoir considérable, peut-être même plus que son mari, le personnage précédent. ~ -1370 / -1333 Néfertiti
66%
Philosophe et mathématicien grec ayant donné son nom à un célèbre théorème ainsi qu'à une table de multiplication. ~ -580 / -498 Pythagore
66%
Ce troisième pharaon de la XIXe dynastie règnera pendant 66 ans sur l'Égypte. Le "pharaon bâtisseur" aura fait construire de nombreux temples, dont ceux d'Abou Simbel, et aura été un grand conquérant. ~ -1303 / -1213 Ramsès II
66%
Ce dixième pharaon de la XVIIIe dynastie, époux du personnage suivant et père du personnage précédent, impose le culte exclusif de Rê. Il est à l'origine de la première grande crise du Nouvel Empire. Un rappeur du groupe IAM lui a emprunté son nom. ~ -1368 / -1337 Akhenaton
63%
Attesté historiquement contrairement à son fils Salomon, cette figure importante de la Bible est notamment connue pour avoir affronté le géant Goliath et conquis Jérusalem. ~ -980 David
63%
Général carthaginois protagoniste de la deuxième guerre punique, ce "père de la stratégie" aura notamment passé les Alpes avec des éléphants avant d'être défait par Rome. ~ -247 / -182 Hannibal
63%
"Père de la médecine", il a donné son nom au serment prêté par les médecins. ~ -460 / -377 Hippocrate
63%
Pharaon pour qui la Grande Pyramide de Gizeh, l'une des Sept Merveilles du monde antique, a été édifiée. ~ -2590 Khéops
63%
Plus célèbre des athlètes antiques, il détient 12 médailles d'or olympiques, record battu uniquement par Michael Phelps en 2016. ~ -150 Léonidas de Rhodes
63%
Roi de Sparte célèbre pour son opposition héroïque face aux Persans durant la bataille des Thermopyles, il est incarné par Gerard Butler dans le péplum 300. ~ -540 / -480 Léonidas Ier
63%
Philosophe et savant grec connu pour son théorème de géométrie mais aussi pour la première prédiction d'éclipse ainsi que le calcul de la hauteur des pyramides d'Égypte. ~ -623 / -546 Thalès
63%
Avocat, philosophe et homme d'état romain, cet orateur dont le nom signifie "pois chiche" aura permis d'avoir un témoignage historique de nombreux évènements politiques et militaires. -106 / -43 Cicéron
57%
Second des trois grands dramaturges grecs, il est l'auteur des pièces Œdipe roi, Antigone, Ajax, Électre ou encore Philoctète. -495 / -406 Sophocle
57%
Prophète et fondateur d'une religion portant son nom qui sera pratiquée à l'Est de l'Iran actuel ainsi qu'en Afghanistan, en Inde et au Pakistan. Son nom inspirera un poème philosophique à Friedrich Nietzche, Ainsi parlait ............ ~ -1200 Zoroastre
57%
Maître spirituel né au Népal, il fondera une communauté de moines errants menant à une religion aujourd'hui pratiquée par plus de 600 millions de personnes dans le monde. ~ -440 Bouddha
54%
Chef militaire gaulois étant le premier de l'Histoire à piller Rome, la seconde fois survenant 800 ans plus tard. Beaucoup de monde pense à tort qu'il a donné son nom à la récompense donnée au champion de France du Top 14. ~ -370 Brennus
54%
Co-meurtrier de l'homme mort aux ides de mars -44, il n'a jamais été adopté par ce dernier comme le sous-entend la croyance populaire. Il représente à la fois l'image du traître mais aussi de l'homme vertueux protégeant les valeurs de la République au détriment de son confort. ~ -85 / -42 Brutus
54%
Prédicateur juif, prophète, il est selon le Christianisme celui qui annoncera la venue du personnage suivant. ~ -6 / 30 Jean le Baptiste
54%
Stratège athénien le plus célèbre, développant la démocratie athénienne à son paroxysme, au point que la cité soit à son âge d'or durant sa période de pouvoir et que le Vème siècle av. J.-C. porte son nom. ~ -495 / -429 Périclès
54%
Préfet de Judée, il a ordonné la crucifixion du Christ à l'issue de son procès. ~ -12 / 38 Ponce Pilate
54%
Général chinois, il est populaire pour être l'auteur de l'ouvrage de stratégie militaire le plus ancien connu : L'Art de la guerre. ~ -544 / -496 Sun Tzu
54%
Une importante partie des valeurs traditionnelles chinoises sont issues des préceptes de ce philosophe. Sa pensée a défini la religion d'État de la Chine pendant 2000 ans. -551 / -479 Confucius
51%
Dernier souverain de Lydie vaincu par le personnage précédent, l'expression "Riche comme ....." étant la principale raison pour laquelle il est connu aujourd'hui. ~ -596 / -546 Crésus
51%
Écrivain grec ayant créé le genre de la fable. Il est notamment l'auteur de Le Corbeau et le Renard et Le Lièvre et la Tortue. ~ -620 / -564 Ésope
51%
Mathématicien de la Grèce antique, il aura donné son nom à une division ainsi qu'à un algorithme. Il aura également divisé la géométrie en deux avec son ouvrage Éléments. ~ -300 Euclide
51%
Historien et géographe grec surnommé "Père de l'Histoire", c'est notamment grâce à lui que l'on connaît le déroulé des guerres médiques. ~ -484 / -425 Hérodote
51%
Ce poète latin est principalement connu pour ses Métamorphoses, devenu un classique de la littérature latine. ~ -43 / 17 Ovide
51%
Dernier des trois grands rois achéménides de Perse, il est l'initiateur de la seconde guerre médique contre les grecs. Vainqueur aux Thermopyles, il est ensuite défait à Salamine. ~ -519 / -465 Xerxès Ier
51%
Quatrième empereur romain de l'an 41 à sa mort, il est un bon administrateur et étend les frontières de l'Empire. Il meurt empoisonné par sa femme, Néron, son fils adoptif, lui succédant alors. -10 / 54 Claude
49%
Homme politique et militaire romain, il est l'un des alliés de l'homme mort aux ides de mars -44. À la mort de ce dernier, il est isolé, déclaré "ennemi public" puis réussit à amasser une armée importante et à devenir membre du second triumvirat avant d'être battu par l'un de ses membres et se suicider. -83 / -30 Marc Antoine
49%
Roi de l'Empire néo-babylonien pendant 43 ans, il aura régné sur le plus vaste empire de cette nation. Destructeur du Temple de Salomon, les bouteilles de 15l portent son nom. -642 / -562 Nabuchodonosor II
49%
Roi de Macédoine, fondateur de sa puissance, il soumettra notamment Athènes et Thèbes. C'est également le père de l'homme né en -356. -382 / -336 Philippe II
49%
Militaire romain ayant gagné un nombre incalculable de batailles, il est membre du premier triumvirat de la République. Son conflit avec l'homme mort en -44 engendre une guerre civile résultant par son assassinat en Égypte. -106 / -48 Pompée
49%
Gladiateur thrace menant une révolte d'esclaves contre la République romaine, son histoire a été adaptée par Stanley Kubrick au cinéma avec Kirk Douglas l'interprétant. ~ -100 / -71 Spartacus
49%
Fils du personnage suivant et père du précédent, ce pharaon aura fait construire la deuxième grande pyramide du plateau de Gizeh. ~ -2560 Khéphren
46%
Général macédonien sous les ordres de l'homme né en -356, il devient roi d'Égypte, donnant son nom à la dernière période dynastique des pharaons d'Égypte. ~ -367 / -283 Ptolémée Ier
46%
Militaire romain ayant vaincu les carthaginois en Hispanie puis le personnage suivant à la bataille de Zama, mettant ainsi fin à la deuxième guerre punique. ~ -236 / -183 Scipion l'Africain
46%
Homme d'état, philosophe et dramaturge romain, il est conseiller de Caligula puis du quatrième empereur romain, et enfin de Néron qui lui ordonnera de se suicider. Il est par ailleurs l'auteur des pièces Œdipe, Phèdre et Médée. ~ -4 / 65 Sénèque
46%
Deuxième empereur romain régnant pendant 23 ans, il est considéré comme étant un politicien habile et prudent, réalisant de grandes réformes politiques et économiques. -42 / 37 Tibère
46%
Cette princesse phénicienne aurait fondé la ville de Carthage, tout en y devenant sa première reine. Une partie de son histoire relève de la légende, notamment son immolation par le feu. ~ -820 Didon
43%
Personnage héroïque de la Mésopotamie antique, c'est un roi légendaire de la cité d'Uruk. C'est le personnage principal de nombreux récits épiques dont son Épopée qui est la plus célèbre. ~ -2650 Gilgamesh
43%
Roi de Phrygie qui selon la mythologie transformait en or ce qu'il touchait. ~ -725 Midas
43%
Cheval du personnage suivant, mort dans l'actuel Pakistan. -354 / -326 Bucéphale
40%
Deuxième des trois grands rois achéménides de Perse, il est l'initiateur de la première guerre médique contre les Grecs. Il aura conquis la Macédoine et les Cyclades, mais sera défait à Marathon. ~ -550 / -486 Darius Ier
40%
Philosophe le plus célèbre de l'école cynique, il préconisait une vie simple et dormait dans une grande jarre, parfois représentée comme un tonneau dans certaines représentations plus contemporaines. ~ -413 / -323 Diogène de Sinope
40%
Fils de l'homme né en -73, il fait construire la capitale de la Galilée en l'honneur du personnage suivant. C'est lui qui gouverne lors de la mort du Christ et en est ainsi en partie responsable. ~ -21 / 39 Hérode Antipas
40%
Roi de Judée, surnommé "le Grand", il est réputé pour sa cruauté, ayant provoqué le massacre des Innocents. -73 / -4 Hérode Ier le Grand
40%
Roi d'Israël ayant donné son nom à une bouteille contenant 3 à 5,25l d'alcool. ~ -775 Jéroboam II
40%
Ce pharaon est célèbre pour avoir fait construire la troisième pyramide de Gizeh ainsi que les statues qui y ont été retrouvées. ~ -2530 Mykérinos
40%
Poète latin dont l'œuvre représente la quintessence de la langue et littérature latine, il a notamment écrit l'Énéide, narrant le mythe fondateur de Rome. -70 / -19 Virgile
40%
Commandant sous le personnage suivant, il vainc plus tard la révolte d'esclaves menée par le personnage mort en -71. Il est l'un des membres du premier triumvirat de la République et a certainement été l'homme le plus riche de l'Histoire de Rome. ~ -115 / -53 Crassus
37%
Fondateur de l'une des plus importantes écoles de philosophie, il accordait beaucoup d'importance au plaisir et à la vie heureuse. ~ -342 / -270 Épicure
37%
Fondateur du taoïsme, il est l'auteur du Tao Tö King (Dao de jing). ~ -475 Lao Tseu
37%
Proche du premier empereur romain, cet homme politique a passé sa vie à utiliser sa fortune et son influence pour promouvoir les arts et les lettres, notamment en payant les artistes. Cette pratique porte aujourd'hui son nom. ~ -70 / -8 Mécène
37%
Femme du personnage suivant, elle est la mère de Caligula et la grand-mère de Néron. Elle voyage avec son mari sur les champs de bataille et à sa mort se bat pour mettre à jour le complot ayant pour but de l'assassiner. -14 / 33 Agrippine l'Aînée
34%
C'est le seul dramaturge grec antique ayant créé des comédies qui nous sont parvenues. Il est souvent considéré comme à l'origine du genre satirique. ~ -445 / -380 Aristophane
34%
Plus grand savant de son siècle, il calcule la circonférence de la Terre et est aujourd'hui considéré comme l'inventeur de la géographie. ~ -276 / -194 Ératosthène
34%
Dernier des trois grands dramaturges grecs, il est l'auteur de Médée, Andromaque, Les Troyennes ou encore Les Bacchantes. ~ -480 / -406 Euripide
34%
Architecte égyptien ayant réalisé la première pyramide de l'Histoire. ~ -2650 Imhotep
34%
Homme préhistorique momifié naturellement dans la glace retrouvé à la frontière de l'Italie et de l'Autriche. Il a été victime d'un homicide. ~ -3250 Ötzi
34%
Cet homme est l'unificateur de l'empire de Chine, l'empereur fondant la dynastie portant son nom, le père de la Muraille de Chine et celui pour qui l'Armée de terre cuite a été réalisée. -259 / -210 Qin Shi Huang
34%
5ème roi de Rome et premier dont l'historicité semble avérée. D'origine étrusque, il aurait fondé le Circus Maximus. ~ -610 Tarquin l'Ancien
34%
Septième et dernier roi de Rome, il règnera en tant que tyran et provoquera ainsi la fin de la monarchie romaine. ~ -530 Tarquin le Superbe
34%
Architecte romain célèbre pour son ouvrage De architectura, le plus important de l'Antiquité dans ce domaine. Léonard de Vinci s'en est inspiré pour réaliser un dessin d'un Homme portant le nom de l'architecte. ~ -80 / -15 Vitruve
34%
"Première grande femme dont l'Histoire ait gardé le nom", cette reine d'Égypte est devenue pharaon, cinquième souveraine de la XVIIIe dynastie. ~ -1508 / -1457 Hatshepsout
31%
Dirigeant juif menant la révolte des Maccabées contre les Séleucides, c'est l'un des grands héros de l'histoire juive. ~ -180 Judas Maccabée
31%
Poétesse de l'île de Lesbos, elle aura donné son nom à un mot désignant l'homosexualité féminine, exprimant dans sa poésie son attirance pour d'autres femmes. ~ -600 Sappho
31%
Plus célèbre historien de la Rome antique, il est l'auteur de l'Histoire Romaine. ~ -61 / 17 Tite-Live
31%
Général romain, père du troisième empereur romain Caligula, il est considéré comme étant le chef militaire le plus doué et le plus populaire de toute l'histoire romaine. -15 / 19 Germanicus
29%
Roi d'Israël impie ayant épousé la princesse phénicienne Jézabel, cette figure biblique est éponyme du héros du roman Moby Dick. ~ -870 Achab
26%
Premier des trois grands tragiques grecs, il porte à 2 le nombre d'acteurs. L'Orestie est son œuvre la plus célèbre de nos jours. ~ -525 / -456 Eschyle
26%
Sixième roi de Babylone qui parviendra à réunir Sumer et Akkad, son règne est l'un des plus longs et prestigieux de l'Antiquité du Moyen-Orient. ~ -1780 Hammurabi
26%
Sœur du premier empereur romain, elle a été grandement admirée pour sa fidélité, sa noblesse et son humanité. C'est également la femme de l'homme mort en -30, elle jouera ainsi un rôle de négociatrice entre son frère et son ex-mari lors de leur guerre. -69 / -11 Octavie
26%
Plus célèbre sculpteur de la Grèce antique, il est à l'origine de deux chefs-d'œuvre : l'Athéna Parthénos, au Parthénon d'Athènes, ainsi que la Statue de Zeus à Olympie, l'une des 7 merveilles du monde antique. ~ -500 / -430 Phidias
26%
L'un des deux plus célèbres sophistes, ce philosophe est connu pour ses phrases "Des dieux, je ne sais ni s'ils sont ni s'ils ne sont pas" et "L'homme est la mesure de toute chose". ~ -490 / -420 Protagoras
26%
Fondateur de l'Empire perse et l'un des trois grands rois achéménides, il aura conquis la Lydie, l'Ionie, Babylone, la Mésopotamie, la Syrie, la Phénicie et la Judée. Un célèbre cylindre ventant ses exploits porte son nom. ~ -590 / -530 Cyrus le Grand
23%
Poète grec auteur de Les Travaux et les jours et Théogonie, on lui prête une rivalité avec Homère, dont l'historicité est contestée. ~ -740 Hésiode
23%
Poète romain, il est notamment célèbre pour ses œuvres Satires, Épodes, Odes et Épîtres mais surtout pour sa locution Carpe diem. -65 / -8 Horace
23%
Poète et philosophe latin, c'est grâce à lui que l'on connaît les principe du philosophe né en -342. Il aura par ailleurs influencé Victor Hugo, Montaigne, Molière ou encore Thomas Jefferson, notamment via son ouvrage De rerum natura. ~ -98 / -55 Lucrèce
23%
IIIe pharaon de la XVIIIe dynastie, il repousse les frontières de l'Égypte plus loin que jamais auparavant, fait construire le premier tombeau de la Vallée des Rois et devient le père du personnage précédent. ~ -1510 Thoutmôsis Ier
23%
Fossile de primate découvert au Tchad en 2001 considéré comme l'origine de la lignée humaine. ~ -7 Ma Toumaï
23%
Petit-fils de l'homme né en -73, ce sera le dernier roi juif de Judée. À la cour de Rome, il sera notamment proche de Caligula ainsi que du quatrième empereur romain. -10 / 44 Agrippa Ier
20%
L'un des deux plus célèbres sophistes, il est réputé pour avoir été centenaire en plus d'avoir travaillé sur le Non-Être et énoncé la phrase "Ainsi donc, rien n'existe". ~ 480 / -375 Gorgias
20%
Deuxième des 4 grands prophètes de l'Ancien Testament, il a un livre portant son nom dans celui-ci. La tradition lui attribue également l'écriture du Livre des Lamentations. -650 / -587 Jérémie
20%
Symbole de l'alliance entre l'homme mort aux ides de mars -44 et l'homme mort en -54, elle est la fille adoptive du premier et l'épouse du second. ~ -79 / -54 Julia
20%
Général du personnage suivant, il est également l'un des protagonistes du manga Kingdom. ~ -230 Li Xin
20%
Très proche conseiller du premier empereur romain, il dirige ses armées et fait également construire les premiers thermes à Rome ainsi que son Panthéon. ~ -63 / -12 Marcus Vipsanius Agrippa
20%
Épouse royale du personnage précédent, elle fut son grand amour. ~ -1270 Néfertari
20%
Général du personnage précédent et grand allié du personnage suivant, il devient le premier roi du royaume séleucide. Il sera stoppé dans son expansion vers l'Est par Chandragupta Maurya sur les rives de l'Indus. ~ -358 / -281 Séleucos Ier
20%
Philosophe vivant dans l'actuelle Chypre, c'est le fondateur du stoïcisme. ~ -334 / -262 Zénon de Kition
20%
Stratège et général athénien, il est le plus célèbre acteur de la Guerre du Péloponnèse. Trahissant Athènes pour Sparte, il change à nouveau de camp par la suite, tué par des assassins spartiates peu après leur victoire sur Athènes. -450 / -404 Alcibiade
17%
Neuvième pharaon de la XVIIIe dynastie, il règnera pendant 38 ans, menant une période de prospérité et de splendeur artistique sans précédent. C'est le père du personnage né en -1368. ~ -1403 / -1353 Amenhotep III
17%
Premier auteur en prose latine d'importance, cet homme politique romain participe à la deuxième guerre punique avant de s'opposer au personnage suivant concernant la conservation des traditions romaines et s'opposant au luxe du courant hellénistique. ~ -234 / -149 Caton l'Ancien
17%
Homme politique romain, incarnation de la tradition romaine, il est une figure du stoïcisme et se suicidera suite à la défaite de son camp lors de la guerre civile de -49. -95 / -46 Caton le Jeune
17%
Figure de la République, fort de victoires militaires, il se fait bannir de Rome. Souhaitant se venger de celle-ci, il y renoncera finalement. Il aura inspiré une pièce à Shakespeare et est éponyme du prénom de l'antagoniste d'Hunger Games. ~ -500 Coriolan
17%
Avec son mentor Leucippe, ce philosophe a exposé et développé les concepts d'atome et d'univers. ~ -460 / -370 Démocrite
17%
Faisant partie des dix orateurs attiques, c'est le plus grand adversaire du personnage précédent qu'il dénoncera au travers de ses Philippiques. -384 / -322 Démosthène
17%
Sixième empereur romain qui succèdera à Néron. -3 / 69 Galba
17%
Général et homme politique romain, il se retrouve à la tête de la plus importante armée d'occident après les ides de mars -44, devenant membre du second triumvirat. L'ensemble de ses actions a mené à la chute de la République au profit de l'Empire. ~ -89 / -13 Lépide
17%
Femme du premier empereur romain et mère du second, elle sera la confidente de son mari toute sa vie, fomentant assassinats pour assurer la pérennité de ses proches. ~ -59 / 29 Livie
17%
Premier grand dramaturge latin, cet auteur comique a notamment écrit Amphitryon et La Marmite ou l'Aululaire, influençant Molière et Shakespeare. ~ -254 / -184 Plaute
17%
Première épouse de l'homme né en -356, elle fera assassiner sa seconde épouse Stateira avant d'elle-même être assassinée par Cassandre. ~ -347 / -310 Roxane
17%
Roi des Éburons, ce gaulois inflige une défaite aux troupes romaines à Aduataca avant de s'enfuir et de ne jamais être battu par Rome. C'est la version belge du héros national du XIXe siècle qu'était l'homme né en -82 en France. ~ -70 Ambiorix
14%
Troisième empereur de la dynastie indienne Maurya, il aura diffusé à travers son empire la religion de l'homme ayant vécu vers -440. Son chakra est par ailleurs représenté sur le drapeau de l'Inde. ~ -304 / -232 Ashoka
14%
Plus célèbre monarque d'Assyrie, il détruisit Babylone et Memphis et aura conquis l'Arménie, la Phénicie et l'Arabie. -685 / -631 Assurbanipal
14%
Aventurier et général illyrien, il est connu pour avoir trahi sa reine Teuta pour les romains, qu'il trahira également pour Philippe V de Macédoine. ~ -240 Démétrios de Pharos
14%
Roi de Macédoine et spécialiste des sièges militaires, il aura conquis Athènes à plusieurs reprises avant d'être vaincu par l'homme né en -358. ~ -336 / -283 Démétrios Ier
14%
Reine aux côtés de son mari le personnage né en -540, c'est la plus connue des femmes spartiates. Elle est jouée par Lena Headey dans le péplum 300. ~ -480 Gorgô
14%
Roi de Lydie à qui appartient l'anneau rendant invisible dans La République. Il aurait tué Candaule, son prédécesseur. ~ -690 Gygès
14%
Éponyme de l'adjectif désignant les plans en damier, cet architecte et urbaniste aura aménagé le port du Pirée non loin d'Athènes ainsi que la ville de Milet. -498 / -408 Hippodamos
14%
Père du personnage né en -1303, ce pharaon est à l'origine de nombreuses campagnes militaires, érections de bâtiments ainsi que du maintien de la cohésion du royaume d'Égypte. ~ -1324 / -1279 Séthi Ier
14%
Général et homme politique romain qui enchaînera les victoires militaires et politiques, restaurant le pouvoir du Sénat romain et consolidant les bases sur lesquelles Rome s'est construite. -138 / -78 Sylla
14%
Stratège athénien, héros du peuple, il participera à la Bataille de Marathon et dirigera celle de Salamine contre les Perses, victorieux lors des deux occurrences. ~ -524 / -459 Thémistocle
14%
Plus grand philosophe de la première partie de ce siècle, il énoncera en premier la quadrature du cercle et développera pour la première fois l'idée que le noûs, la Raison, gouverne notre monde. -500 / -428 Anaxagore
11%
Reine d'Halicarnasse d'une grande intelligence ayant participé aux côtés du personnage suivant à la bataille de Salamine. Dirigeant 5 navires, elle survécut en simulant d'attaquer un de ses navires alliés. Elle est interprétée par Eva Green dans le péplum 300. ~ -490 Artémise Ire
11%
Co-meurtrier de l'homme mort aux ides de mars -44, il s'enfuit après cela aux côtés de son complice, combattant le second triumvirat avant de se suicider, croyant sa cause perdue. ~ -87 / -42 Cassius
11%
Roi/pharaon égyptien pour qui la première pyramide, celle à degrés de Saqqarah, a été construite par le personnage précédent. ~ -2650 Djéser
11%
Philosophe se basant sur la dualité des principes Amour et Haine, il a notamment atteint la postérité via la légende de sa mort, causée par un saut dans le feu de l'Etna, n'y survivant que ses sandales laissées sur le bord du cratère. ~ -490 / -430 Empédocle
11%
Général et homme d'état de Thèbes, il amène celle-ci à son apogée. C'est sous ses ordres que pour la première fois de l'Histoire la région de Sparte est envahie. ~ -418 / -362 Épaminondas
11%
Homme politique et historien romain, il est un grand allié de l'homme mort aux ides de mars -44. Il est également connu pour ses ouvrages historiques Conjuration de Catilina et Guerre de Jugurtha. ~ -86 / -34 Salluste
11%
Souverain fondateur de l'empire d'Akkad, il aura unifié les principales cités de Mésopotamie sous son autorité. L'ampleur de ses conquêtes et de ses campagnes militaires est alors sans précédent. ~ -2325 / -2278 Sargon d'Akkad
11%
Géographe et historien grec, il écrira Géographie et Commentaires historiques et fera d'assez grandes avancées en termes de cartographie. ~ -68 / 23 Strabon
11%
Poète comique latin d'origine berbère, il est notamment connu pour ses pièces les Adelphes et le Phormion ayant inspiré L'École des maris et Les Fourberies de Scapin à Molière. ~ -190 / -159 Térence
11%
Explorateur chinois créant lors de son expédition la Route de la soie, il voyagera de l'Est de la Chine à la mer d'Aral. ~ -200 / -114 Zhang Qian
11%
Premier philosophe à avoir consigné ses travaux par écrit, il est le tout premier à tenter de décrire notre monde d'un point de vue exclusivement scientifique. ~ -610 / -546 Anaximandre
9%
Poète épique grec, premier auteur connu de poèmes épiques (Homère n'ayant pas réellement existé) avec ses Argonautiques, il n'y en aura pas d'autres connus avant 700 ans plus tard. ~ -295 / -215 Apollonios de Rhodes
9%
Poète dont la muse était Lesbie, il est le premier romain à proposer des élégies et des épigrammes, notamment dans son œuvre Carmina. ~ -84 / -54 Catulle
9%
Étant l'un des dix orateurs attiques, cet orateur pro-macédonien affronte et perd face à l'autre orateur attique de ce quiz lors d'un duel. ~ -390 / -314 Eschine
9%
Astronome grec, il est le premier à prédire les éclipses avec une certaine exactitude, le premier occidental à réaliser un catalogue d'étoiles qui nous est parvenu ainsi que le premier à utiliser l'astrolabe pour réaliser une carte du ciel. ~ -190 / -120 Hipparque
9%
Portraitiste attitré de l'homme né en -356, c'est l'un des plus célèbres sculpteurs de la Grèce antique. ~ -390 / -300 Lysippe
9%
Plus célèbre poète lyrique grec, il est le maître de l'épinicie, hymne de triomphe, et est connu pour ses Olympiques et ses Pythiques. -518 / -438 Pindare
9%
Poète latin dont la muse est Cynthia, il est l'auteur d'élégies et aura toute sa vie combattu pour que le premier empereur romain ne soit pas au centre de ses œuvres comme le souhaitait le pouvoir en place. ~ -47 / 16 Properce
9%
Dernière reine de Rome et femme du personnage suivant, elle complotera avec succès pour assassiner, son père, son mari ainsi que sa sœur. ~ -530 Tullia Minor
9%
Philosophe grec connu pour certaines citations telles que "Tout passe", "Le plus beau des singes est laid", "La plus belle harmonie naît des différences" ou encore "Toutes choses naissent de la discorde". ~ -542 / -480 Héraclite
6%
Notamment célèbre pour son poème De la nature, ce philosophe est également connu pour son traitement de l'Être et du Non-Être. ~ -490 Parménide
6%
Reine des Massagètes, considérée comme la dernière des Amazones, elle est célèbre pour avoir vaincu le personnage suivant et stoppé son expansion. ~ -550 Tomyris
6%
Roi de Juda, il aurait selon la Bible été un ange ayant tué 185 000 assyriens lors du siège de Jérusalem. -716 / -687 Ézéchias
3%
Roi hittite ayant délocalisé sa capitale à Hattusa, et changeant ainsi son nom pour un autre signifiant "l'homme de Hattusa". ~ -1600 Hattusili Ier
3%
Aucun quiz correspondant
Distribution des résultats
% des personnes avec chaque résultat
Percentile par nombre de réponses
Votre historique - résultats
Vous n’avez pas pris ce quiz